00418nam a2200145Ia 4500008004100000082000800041082000800049245006100057245001500118260001500133300000900148942000800157999001900165952008800184231017s9999 xx 000 0 und d a624 bKRA 0aSeepage Modeling with SEEP/W: An Engineering Methodology 0cJohn Krahn bJohn Krahn c30cm cREP c604055d604055 00104070aNITbNITd2023-10-17l0o624 KRApNIT-6667r2023-10-17w2023-10-17yREP